[Event "XXII Open Eporediese"]
[Site "Ivrea ITA"]
[Date "2005.02.24"]
[Round "6"]
[White "Trotto, Pierangelo"]
[Black "Ranieri, Fabrizio"]
[Result "1/2-1/2"]
[WhiteElo "1903"]
[BlackElo "2211"]
[PlyCount "102"]
[EventDate "2005.01.20"]

1. e4 e6 2. d4 d5 3. exd5 exd5 4. Bd3 Nc6 5. Ne2 Bd6 6. O-O Qf6 7. c3 Bg4 8.
Qc2 Nge7 9. Nd2 h5 10. Re1 O-O-O 11. b4 Ng6 12. h3 Bd7 13. Nf3 Nh4 14. Nxh4
Qxh4 15. Bf5 g6 16. g3 Qe7 17. Bxd7+ Qxd7 18. Kg2 Rde8 19. Bf4 h4 20. Bxd6 Qxd6
21. Nf4 Ne7 22. Re2 hxg3 23. fxg3 Nf5 24. Rae1 Rxe2+ 25. Rxe2 Nh4+ 26. Kf2 g5
27. Re5 Qf6 28. Qe2 gxf4 29. Qg4+ Kb8 30. gxh4 a6 31. h5 Qc6 32. Qg7 Re8 33.
Rxe8+ Qxe8 34. Qe5 Qd7 35. h6 Qxh3 36. Qxf4 Qh5 37. Ke1 Ka7 38. Qf6 Qh1+ 39.
Kd2 Qg2+ 40. Kc1 Qh1+ 41. Kb2 Qh5 42. Qg7 Qe2+ 43. Ka3 Qc2 44. Qg3 c6 45. Qh3
a5 46. bxa5 Qc1+ 47. Kb3 Ka6 48. h7 Qb1+ 49. Ka3 Qc1+ 50. Kb3 Qb1+ 51. Ka3 Qc1+
1/2-1/2

[Event "XXII Open Eporediese"]
[Site "Ivrea ITA"]
[Date "2005.03.03"]
[Round "7"]
[White "Ranieri, Fabrizio"]
[Black "Zannoni, Gianni"]
[Result "1-0"]
[WhiteElo "2211"]
[BlackElo "1775"]
[PlyCount "81"]
[EventDate "2005.01.20"]

1. e4 d6 2. d4 Nf6 3. Nc3 c6 4. Nf3 Bg4 5. Be2 e6 6. Be3 Nbd7 7. Qd3 Be7 8. h3
Bh5 9. g4 Bg6 10. Nh4 Bxe4 11. Nxe4 Nxe4 12. Qxe4 Bxh4 13. O-O-O d5 14. Qg2 Be7
15. Kb1 Qc7 16. f4 O-O-O 17. Rhf1 f6 18. Bd3 Bd6 19. Bd2 Rdf8 20. Rde1 e5 21.
fxe5 fxe5 22. dxe5 Bxe5 23. Bf5 g6 24. Bxd7+ Kxd7 25. Rxf8 Rxf8 26. Qe2 h5 27.
Qxe5 Qxe5 28. Rxe5 Rf1+ 29. Re1 Rf2 30. Bc1 hxg4 31. hxg4 Rg2 32. g5 b5 33. Rf1
Re2 34. Rf7+ Re7 35. Rxe7+ Kxe7 36. c3 Kd6 37. Kc2 a5 38. Kd3 a4 39. Bf4+ Kc5
40. a3 Kb6 41. Kd4 1-0

[Event "XXII Open Eporediese"]
[Site "Ivrea ITA"]
[Date "2005.03.10"]
[Round "8"]
[White "Castaldo, Folco"]
[Black "Guglielmi, Nicolo'"]
[Result "1-0"]
[WhiteElo "2361"]
[BlackElo "1980"]
[PlyCount "67"]
[EventDate "2005.01.20"]

1. f4 d5 2. Nf3 g6 3. e3 Bg7 4. Be2 Nh6 5. O-O O-O 6. d3 c5 7. Qe1 Nc6 8. e4
Bg4 9. h3 Bxf3 10. Bxf3 Nd4 11. Bd1 f5 12. c3 Nc6 13. e5 e6 14. Nd2 b5 15. Nf3
a5 16. a4 b4 17. Qf2 d4 18. cxd4 cxd4 19. Bb3 Re8 20. Bd2 Nf7 21. Rac1 Qb6 22.
Rc4 Bf8 23. Rfc1 Nfd8 24. Nxd4 Nxd4 25. Qxd4 Qxd4+ 26. Rxd4 Kf7 27. Rc7+ Be7
28. Rdd7 Ra6 29. Rd6 Ra8 30. Be3 Kf8 31. Rdd7 Ra6 32. Rxe7 Rxe7 33. Bc5 Nc6 34.
Bc4 1-0

[Event "XXII Open Eporediese"]
[Site "Ivrea ITA"]
[Date "2005.03.10"]
[Round "8"]
[White "Giacchino, Claudio"]
[Black "Ranieri, Fabrizio"]
[Result "0-1"]
[WhiteElo "1676"]
[BlackElo "2211"]
[PlyCount "52"]
[EventDate "2005.01.20"]

1. e4 e6 2. f4 d5 3. e5 c5 4. Bb5+ Nc6 5. d3 Qa5+ 6. Nc3 d4 7. Qf3 Bd7 8. Bc4
dxc3 9. b3 b5 10. b4 Qxb4 11. Bxe6 fxe6 12. Nh3 Nge7 13. O-O g6 14. f5 Nxf5 15.
g4 Qd4+ 16. Kh1 Nb8 17. Nf2 Bc6 18. Ne4 Be7 19. gxf5 exf5 20. Re1 fxe4 21. dxe4
Rf8 22. Qg4 Nd7 23. Bg5 Nxe5 24. Qe6 Bxe4+ 25. Rxe4 Qxe4+ 26. Kg1 Nf3+ 0-1

[Event "XXII Open Eporediese"]
[Site "Ivrea ITA"]
[Date "2005.03.17"]
[Round "9"]
[White "Avetta, Gianmario"]
[Black "Castaldo, Folco"]
[Result "0-1"]
[WhiteElo "1628"]
[BlackElo "2361"]
[PlyCount "54"]
[EventDate "2005.01.20"]

1. d4 e6 2. c4 f5 3. g3 Nf6 4. Nc3 Be7 5. Bg2 O-O 6. Nf3 d6 7. O-O Qe8 8. Re1
Qg6 9. Qd3 Nc6 10. e4 Nb4 11. Qe2 Nxe4 12. Nxe4 fxe4 13. Qxe4 Nc2 14. Qxg6 hxg6
15. Bg5 Bf6 16. Rad1 Nxe1 17. Rxe1 Bd7 18. b3 Rae8 19. Bh3 Bc6 20. Bxf6 gxf6
21. d5 exd5 22. Be6+ Rxe6 23. Rxe6 dxc4 24. Nd4 cxb3 25. axb3 Re8 26. Re3 Rxe3
27. fxe3 Bd5 0-1

[Event "XXII Open Eporediese"]
[Site "Ivrea ITA"]
[Date "2005.03.17"]
[Round "9"]
[White "Guglielmi, Nicolo'"]
[Black "Turino, Luca"]
[Result "1-0"]
[WhiteElo "1980"]
[BlackElo "1676"]
[PlyCount "65"]
[EventDate "2005.01.20"]

1. Nf3 d5 2. d4 Nf6 3. Bg5 h6 4. Bf4 Bf5 5. Nbd2 Nh5 6. Be3 e6 7. g3 Nd7 8. Bg2
c6 9. O-O Qb6 10. Qc1 Bd6 11. c4 Qd8 12. Nh4 Bh7 13. f4 Nxf4 14. Bxf4 Bxf4 15.
gxf4 Qxh4 16. cxd5 exd5 17. e4 dxe4 18. Nxe4 Bxe4 19. Bxe4 g5 20. Qe3 O-O-O 21.
d5 Rhg8 22. Kh1 gxf4 23. Rxf4 Rg4 24. Rxg4 Qxg4 25. dxc6 bxc6 26. Bxc6 Nf6 27.
Bf3 Qd4 28. Rc1+ Kb8 29. Qb3+ Qb6 30. Qxf7 Rd7 31. Qf8+ Rd8 32. Qxh6 Qxb2 33.
Qf4+ 1-0

[Event "XXII Open Eporediese"]
[Site "Ivrea ITA"]
[Date "2005.03.12"]
[Round "9"]
[White "Ranieri, Fabrizio"]
[Black "Laurenti, Stefano"]
[Result "1-0"]
[WhiteElo "2211"]
[BlackElo "1871"]
[PlyCount "53"]
[EventDate "2005.01.20"]

1. e4 d6 2. d4 Nf6 3. Nc3 c6 4. f4 Qa5 5. Bd3 e5 6. dxe5 dxe5 7. Nf3 Bg4 8. O-O
Nbd7 9. Qe1 Bb4 10. Bd2 O-O-O 11. Kh1 exf4 12. Bxf4 Bxf3 13. gxf3 g5 14. Bd2 g4
15. a3 Bxc3 16. Bxc3 Qc7 17. f4 Rhg8 18. Qf2 g3 19. hxg3 Ng4 20. Qxa7 c5 21.
Ba5 Qc6 22. Bxd8 Qh6+ 23. Bh4 Ne3 24. Kh2 Rg4 25. Kh3 Qg6 26. Rg1 Qh5 27. Rae1
1-0

[Event "XVI Weekend A"]
[Site "Campodarsego ITA"]
[Date "2005.01.21"]
[Round "1"]
[White "Allegranti, Luca"]
[Black "Cacco, Christian"]
[Result "0-1"]
[WhiteElo "2024"]
[BlackElo "2282"]
[PlyCount "134"]
[EventDate "2005.01.21"]

1. d4 g6 2. e4 Bg7 3. Nc3 d6 4. Be3 a6 5. Qd2 b5 6. a3 Nd7 7. Nf3 Bb7 8. b4
Ngf6 9. Bd3 Ng4 10. O-O Nxe3 11. fxe3 c5 12. Rad1 Qc7 13. Nd5 Bxd5 14. exd5
cxd4 15. Nxd4 O-O 16. Rf3 Rac8 17. Nc6 Ne5 18. Nxe5 Bxe5 19. Rb1 Kg7 20. Rb3
Qb7 21. e4 Rc7 22. Rh3 Rh8 23. Qh6+ Kg8 24. Qe3 h5 25. Rf3 Kg7 26. Qf2 Rf8 27.
g3 f6 28. Qe2 Rfc8 29. Kg2 Qb6 30. Rf1 Rc3 31. Rfb1 Qd4 32. Qf2 Rxb3 33. Qxd4
Rxb1 34. Qb6 Rc3 35. Qxa6 Bd4 36. Qxb5 Rg1+ 37. Kh3 Rxa3 38. Qe8 Ra7 39. e5 f5
40. exd6 exd6 41. Qe6 Be5 42. b5 Ra4 43. Qe7+ Kh6 44. b6 Rb4 45. b7 Rgb1 46.
Qf8+ Kh7 47. Qe7+ Bg7 48. Qxd6 Rxb7 49. Qe6 R1b6 50. Qc8 Rb8 51. Qc7 R6b7 52.
Qf4 Rd8 53. c4 Re7 54. Qf2 Rd6 55. Qc5 Be5 56. Bf1 Rb7 57. Qf2 Rb2 58. Qa7+ Bg7
59. Qe7 Ra6 60. d6 Rd2 61. c5 Raa2 62. Kh4 Rxh2+ 63. Kg5 Ra4 64. Be2 Rh3 65.
Qe3 Bh6+ 66. Kf6 Bxe3 67. c6 Rxg3 0-1

[Event "XVI Weekend A"]
[Site "Campodarsego ITA"]
[Date "2005.01.21"]
[Round "1"]
[White "Busi, Massimo"]
[Black "Quaranta, Cristiano"]
[Result "1-0"]
[WhiteElo "1820"]
[BlackElo "2072"]
[PlyCount "144"]
[EventDate "2005.01.21"]

1. e4 c5 2. d4 cxd4 3. c3 d3 4. Bxd3 Nc6 5. c4 g6 6. Nc3 Bg7 7. Nf3 d6 8. h3
Nf6 9. O-O O-O 10. Be3 b6 11. Rc1 Bb7 12. Qe2 Rc8 13. Rfd1 Qc7 14. Nd5 Qb8 15.
Nc3 Qa8 16. Bf4 Nh5 17. Be3 Ne5 18. Nxe5 Bxe5 19. Bh6 Rfe8 20. b3 e6 21. Bb1 f5
22. Bg5 d5 23. exd5 exd5 24. Qf1 dxc4 25. bxc4 Nf4 26. Bxf4 Bxf4 27. Rc2 Qb8
28. Nd5 Be5 29. a3 Rc5 30. Rcd2 Kg7 31. Ba2 Bc6 32. Bb3 Ra5 33. Ra2 Bd6 34. Nb4
Be4 35. f3 Bb7 36. Qd3 Bc5+ 37. Kh1 Qe5 38. Nc2 Bf2 39. Nd4 Qe3 40. Nb5 Qxd3
41. Rxd3 Bg3 42. Ra1 Re7 43. a4 a6 44. Nc3 Rae5 45. Rf1 Re3 46. Bc2 Rxd3 47.
Bxd3 Re1 48. Nd5 Rxf1+ 49. Bxf1 Bf2 50. Kh2 Kf7 51. g3 Bc5 52. Kg2 Bc6 53. Nc7
Bb7 54. Bd3 Ke7 55. Nd5+ Ke6 56. Nf4+ Ke5 57. Ne2 Bc6 58. Bc2 Be3 59. g4 f4 60.
h4 Kd6 61. Nc3 Kc5 62. Nd5 Bxd5 63. cxd5 Kxd5 64. Bd3 b5 65. axb5 a5 66. h5
gxh5 67. Bxh7 hxg4 68. fxg4 Kc4 69. b6 Bxb6 70. Kf3 Be3 71. g5 Kd5 72. g6 Ke6
1-0

[Event "XVI Weekend A"]
[Site "Campodarsego ITA"]
[Date "2005.01.21"]
[Round "1"]
[White "Dal Zovo, Claudio"]
[Black "Stafie, Constantin"]
[Result "0-1"]
[WhiteElo "1961"]
[BlackElo "2100"]
[PlyCount "96"]
[EventDate "2005.01.21"]

1. e4 c5 2. Nf3 Nc6 3. d3 d6 4. Be2 Nf6 5. Nbd2 g6 6. c3 Bg7 7. O-O O-O 8. Re1
a6 9. a4 Rb8 10. Nf1 b5 11. Ng3 Qb6 12. h3 d5 13. e5 Nd7 14. d4 e6 15. axb5
axb5 16. Be3 cxd4 17. Nxd4 Nxd4 18. Bxd4 Qc7 19. f4 Bh6 20. Be3 Nxe5 21. Qd4
Nc4 22. Bxc4 bxc4 23. Ra7 Bb7 24. Qf6 Bg7 25. Qh4 Ra8 26. Rxa8 Rxa8 27. Bd4
Bxd4+ 28. cxd4 Qd8 29. Qh6 Qf6 30. Re5 Qg7 31. Qh4 h6 32. Qe7 Bc6 33. Kh2 Ba4
34. h4 Re8 35. Qa7 Bc2 36. Qd7 Qf8 37. h5 Qe7 38. Qxe7 Rxe7 39. hxg6 fxg6 40.
Re2 Bd3 41. Rd2 Rf7 42. Ne2 Bxe2 43. Rxe2 Rxf4 44. Rxe6 Kf7 45. Rb6 Rxd4 46.
Rb7+ Kf6 47. Rb6+ Kg5 48. b4 c3 0-1

[Event "XVI Weekend A"]
[Site "Campodarsego ITA"]
[Date "2005.01.21"]
[Round "1"]
[White "Dvirnyy, Danyyil"]
[Black "Belloni, Umberto"]
[Result "1-0"]
[WhiteElo "2098"]
[BlackElo "1950"]
[PlyCount "113"]
[EventDate "2005.01.21"]

1. e4 e6 2. d4 d5 3. e5 c5 4. c3 Nc6 5. Nf3 cxd4 6. cxd4 Bd7 7. Nc3 Nge7 8. Bd3
h6 9. O-O g6 10. Be3 Nf5 11. Qe2 Rc8 12. Rac1 Qa5 13. Bb1 Nce7 14. g4 Ng7 15.
Nd2 Nc6 16. a3 Qd8 17. b4 h5 18. f3 Qh4 19. Nb3 Qh3 20. Kh1 Be7 21. Nc5 Bxc5
22. bxc5 Na5 23. Bd3 a6 24. Rf2 Bc6 25. Rg1 hxg4 26. fxg4 Nc4 27. Bc1 Qh4 28.
Qf3 Qe7 29. Qf6 Kf8 30. Bg5 Qxf6 31. Bxf6 Kg8 32. Bxg7 Kxg7 33. Rgf1 Rc7 34.
Nb1 Rh4 35. Be2 Ne3 36. Rg1 Nc2 37. Rd1 Ne3 38. Rg1 Nc2 39. Rd1 Ne3 40. Rd2
Nxg4 41. Rf4 Rxh2+ 42. Kg1 Rxe2 43. Rxe2 Nh6 44. Nc3 Nf5 45. Rh2 Rc8 46. Rh3
Rh8 47. Rxh8 Kxh8 48. Kf2 Kg7 49. Ne2 f6 50. Ng3 Nxg3 51. exf6+ Kf7 52. Kxg3
Be8 53. Kg4 e5 54. dxe5 Ke6 55. Kg5 Bf7 56. Rb4 Kxe5 57. Rxb7 1-0

[Event "XVI Weekend A"]
[Site "Campodarsego ITA"]
[Date "2005.01.21"]
[Round "1"]
[White "Forato, Enrico"]
[Black "Caruso, Augusto"]
[Result "0-1"]
[WhiteElo "1993"]
[BlackElo "2214"]
[PlyCount "62"]
[EventDate "2005.01.21"]

1. e4 e5 2. Nf3 Nc6 3. d4 exd4 4. Bc4 Nf6 5. O-O Nxe4 6. Re1 d5 7. Bxd5 Qxd5 8.
Nc3 Qh5 9. Nxe4 Be6 10. Nxd4 Qxd1 11. Rxd1 O-O-O 12. Be3 Nxd4 13. Rxd4 Be7 14.
Rad1 Bf5 15. Rxd8+ Bxd8 16. Rd4 Re8 17. f3 Bg6 18. Rc4 Kb8 19. Kf2 f5 20. Nc5
b6 21. Nd3 Bf7 22. Rd4 Bf6 23. Rd7 Be6 24. Rd4 Bxd4 25. Bxd4 g5 26. a3 c5 27.
Bf6 Rg8 28. g3 Kc7 29. Be5+ Kc6 30. b3 a5 31. a4 c4 0-1

[Event "XVI Weekend A"]
[Site "Campodarsego ITA"]
[Date "2005.01.21"]
[Round "1"]
[White "Gennari, Leone"]
[Black "Valentini, Paola"]
[Result "0-1"]
[WhiteElo "2053"]
[BlackElo "1790"]
[PlyCount "78"]
[EventDate "2005.01.21"]

1. e4 c6 2. d4 d5 3. e5 Bf5 4. f4 e6 5. Nf3 Nd7 6. Be3 Ne7 7. Nbd2 h6 8. Be2
Bh7 9. g4 Ng6 10. h4 Qa5 11. h5 Ne7 12. c3 O-O-O 13. b4 Qc7 14. a4 Kb8 15. Qb3
g6 16. Kf2 gxh5 17. Rxh5 Bg6 18. Rhh1 Bg7 19. Nh4 Rdf8 20. a5 f6 21. b5 cxb5
22. Bxb5 fxe5 23. dxe5 Bxe5 24. Bxd7 Qxd7 25. Nxg6 Nxg6 26. Rab1 d4 27. cxd4
Bxd4 28. Kg3 Bxe3 29. Qxe3 Qc7 30. Rxb7+ Kxb7 31. Rb1+ Kc8 32. Qxe6+ Kd8 33.
Qd5+ Ke8 34. Re1+ Ne7 35. Re5 Rhg8 36. Ne4 Qd7 37. Nd6+ Kd8 38. Nb7+ Kc7 39.
Qc5+ Nc6 0-1

[Event "XVI Weekend A"]
[Site "Campodarsego ITA"]
[Date "2005.01.21"]
[Round "1"]
[White "Giancotti, Eraldo"]
[Black "Boanta, Sandu"]
[Result "0-1"]
[WhiteElo "2085"]
[BlackElo "1826"]
[PlyCount "86"]
[EventDate "2005.01.21"]

1. d4 Nf6 2. Nf3 d5 3. e3 e6 4. Bd3 c5 5. c3 cxd4 6. exd4 Nc6 7. Bg5 h6 8. Bh4
Bd6 9. O-O Bd7 10. Re1 Ne7 11. Ne5 g5 12. Bg3 Bxe5 13. Bxe5 Nc6 14. Bd6 Bc8 15.
Bg3 h5 16. h4 Ng4 17. hxg5 Qxg5 18. Nd2 h4 19. Nf3 hxg3 20. Nxg5 gxf2+ 21. Kf1
Rh1+ 22. Ke2 fxe1=Q+ 23. Qxe1 Rxe1+ 24. Rxe1 Ke7 25. Rh1 Bd7 26. Rh7 Rf8 27.
Kf3 e5 28. Kg3 e4 29. Be2 Nf6 30. Rh6 Bf5 31. Kf4 Bg6 32. b4 Ng8 33. Rh1 Rc8
34. Bg4 Rc7 35. a4 Nd8 36. Rh3 f6 37. Nh7 Ne6+ 38. Bxe6 Kxe6 39. Nf8+ Kf7 40.
Nxg6 Kxg6 41. g4 Rc4 42. Rh8 Nh6 43. g5 fxg5+ 0-1

[Event "XVI Weekend A"]
[Site "Campodarsego ITA"]
[Date "2005.01.21"]
[Round "1"]
[White "Gromovs, Sergejs"]
[Black "Galiazzo, Giuliano"]
[Result "1-0"]
[WhiteElo "2335"]
[BlackElo "2032"]
[PlyCount "53"]
[EventDate "2005.01.21"]

1. d4 e6 2. Nf3 f5 3. g3 Nf6 4. Bg2 d5 5. O-O Bd6 6. c4 c6 7. c5 Be7 8. Bf4 O-O
9. Nc3 b6 10. b4 a5 11. a3 b5 12. bxa5 Qxa5 13. Qb3 Ne4 14. Nxe4 fxe4 15. Ne5
Qa6 16. Bh3 Qb7 17. f3 exf3 18. Rxf3 Ra4 19. Qe3 Na6 20. Kg2 Bf6 21. Raf1 Nc7
22. Bg5 Ne8 23. Bg4 Qa8 24. Bh5 Ra7 25. Bxe8 Rxe8 26. Bxf6 gxf6 27. Rxf6 1-0

[Event "XVI Weekend A"]
[Site "Campodarsego ITA"]
[Date "2005.01.21"]
[Round "1"]
[White "Molina, Fabrizio"]
[Black "Pircher, Karl"]
[Result "1-0"]
[WhiteElo "2276"]
[BlackElo "2012"]
[PlyCount "93"]
[EventDate "2005.01.21"]

1. c4 e6 2. g3 Nf6 3. Bg2 d5 4. Nf3 Be7 5. b3 O-O 6. Bb2 c5 7. e3 Nc6 8. O-O
Qc7 9. Qe2 b6 10. Nc3 Bb7 11. d3 a6 12. Rac1 Rad8 13. cxd5 exd5 14. Na4 Rfe8
15. d4 cxd4 16. Nxd4 b5 17. Nxc6 Bxc6 18. Nc5 a5 19. Bd4 Qd6 20. Rc2 Rc8 21.
Rfc1 Bd7 22. Nxd7 Qxd7 23. Rxc8 Rxc8 24. Rxc8+ Qxc8 25. Qxb5 Qc1+ 26. Bf1 Ne4
27. f3 Nd2 28. Kf2 h5 29. Be2 Bb4 30. Qe8+ Bf8 31. Qd8 Qa3 32. Qxd5 Qxa2 33.
Qxh5 Nxb3 34. Qd5 a4 35. g4 Qb1 36. Bc4 Qc2+ 37. Kg3 Qg6 38. Bxb3 Bd6+ 39. f4
axb3 40. Qxb3 Qe6 41. Qd1 g5 42. Qd2 Kh7 43. h3 Qc4 44. Bf6 gxf4+ 45. exf4 Qe6
46. Bc3 Bc7 47. Qd4 1-0

[Event "XVI Weekend A"]
[Site "Campodarsego ITA"]
[Date "2005.01.21"]
[Round "1"]
[White "Padovan, Remo"]
[Black "Bonafede, Alessandro"]
[Result "0-1"]
[WhiteElo "1853"]
[BlackElo "2089"]
[PlyCount "118"]
[EventDate "2005.01.21"]

1. e4 c5 2. Nf3 Nc6 3. d4 cxd4 4. Nxd4 Nf6 5. Nc3 e5 6. Nb3 Bb4 7. Bd3 d5 8.
exd5 Nxd5 9. Bd2 Bxc3 10. bxc3 O-O 11. O-O f5 12. Qe2 Kh8 13. Bb5 Qf6 14. Bxc6
bxc6 15. c4 Nb6 16. Bc3 Ba6 17. Na5 Rfe8 18. Rfe1 Qf7 19. Bxe5 Bxc4 20. Nxc4
Nxc4 21. f4 Nxe5 22. fxe5 Re6 23. Qc4 Rae8 24. Re3 Qc7 25. Qc5 Rxe5 26. Rxe5
Qxe5 27. Qxe5 Rxe5 28. Rb1 h6 29. Rb8+ Kh7 30. Ra8 Ra5 31. Rc8 Rc5 32. Ra8 a5
33. c4 Kg6 34. Kf2 Kf6 35. h3 f4 36. Kf3 Ke5 37. h4 Kd4 38. Kxf4 Kxc4 39. Re8
Kd3 40. g4 Rc2 41. Re3+ Kc4 42. Re4+ Kc5 43. Re5+ Kb4 44. a3+ Ka4 45. Re3 Rh2
46. h5 Ra2 47. Rc3 Rf2+ 48. Ke3 Rf6 49. Ke4 Kb5 50. Ke5 a4 51. Ke4 Rf1 52. Rc2
Rb1 53. Kf5 Rb3 54. Ra2 c5 55. Kg6 Rg3 56. Kxg7 Rxg4+ 57. Kxh6 Rg3 58. Kh7 Kc4
59. h6 Kb3 0-1

[Event "XVI Weekend A"]
[Site "Campodarsego ITA"]
[Date "2005.01.21"]
[Round "1"]
[White "Zarpellon, Daniel"]
[Black "Roberti, Ignazio"]
[Result "0-1"]
[WhiteElo "2108"]
[BlackElo "1975"]
[PlyCount "110"]
[EventDate "2005.01.21"]

1. d4 Nf6 2. c4 e6 3. Nc3 Bb4 4. e3 b6 5. Bd3 Bb7 6. f3 d5 7. Nge2 O-O 8. O-O
Nbd7 9. a3 Be7 10. cxd5 exd5 11. e4 c5 12. Be3 Kh8 13. e5 Ne8 14. f4 f5 15. Rc1
g6 16. Bb1 Nc7 17. Kh1 Re8 18. Rg1 Nf8 19. Ba2 Nfe6 20. Qd2 Qd7 21. Rgd1 Red8
22. Qe1 Qe8 23. Rd2 c4 24. Bb1 b5 25. Bf2 a5 26. Bh4 b4 27. axb4 axb4 28. Nd1
Qf7 29. Bxe7 Qxe7 30. Ne3 Ng7 31. g4 Rf8 32. Qg3 Nce6 33. Qh3 Qf7 34. Rf1 Rad8
35. gxf5 Nxf5 36. Bxf5 gxf5 37. Ng3 Ng7 38. Ra1 Ra8 39. Rdd1 Ne6 40. Rxa8 Rxa8
41. Qxf5 Qxf5 42. Ngxf5 Nxf4 43. Rg1 Rg8 44. Nd6 Rxg1+ 45. Kxg1 Bc6 46. Nc2 b3
47. Nb4 Ne2+ 48. Kf2 Nxd4 49. Ke3 c3 50. Nd3 Nc2+ 51. Kf4 Nb4 52. bxc3 Nxd3+
53. Kg5 Nxe5 54. Kf6 Nd7+ 55. Ke7 b2 0-1

[Event "XVI Weekend A"]
[Site "Campodarsego ITA"]
[Date "2005.01.22"]
[Round "2"]
[White "Belloni, Umberto"]
[Black "Allegranti, Luca"]
[Result "0-1"]
[WhiteElo "1950"]
[BlackElo "2024"]
[PlyCount "64"]
[EventDate "2005.01.21"]

1. e4 e6 2. d4 d5 3. exd5 exd5 4. Bd3 Bd6 5. Ne2 Qh4 6. Qd2 Nc6 7. c3 h6 8. Nf4
Nge7 9. g3 Qg4 10. Be2 Qf5 11. Qd3 g5 12. Qxf5 Bxf5 13. Nd3 O-O-O 14. Be3 Bg6
15. b4 Nf5 16. Bg4 Kb8 17. Bxf5 Bxf5 18. Kd2 Be4 19. Rf1 Bg2 20. Rg1 Bf3 21.
Ne1 Bh5 22. Ng2 Rde8 23. Na3 Rh7 24. Nb5 Bf8 25. f4 f6 26. h3 Bf3 27. Ne1 Be4
28. Nd3 Rhe7 29. Rac1 b6 30. Na3 Nd8 31. Nc2 Nf7 32. Nf2 Bxc2 0-1

[Event "XVI Weekend A"]
[Site "Campodarsego ITA"]
[Date "2005.01.22"]
[Round "2"]
[White "Boanta, Sandu"]
[Black "Quaranta, Cristiano"]
[Result "1/2-1/2"]
[WhiteElo "1826"]
[BlackElo "2072"]
[PlyCount "23"]
[EventDate "2005.01.21"]

1. d4 Nf6 2. c4 g6 3. Nc3 Bg7 4. e4 d6 5. f3 O-O 6. Be3 Nc6 7. Bd3 e5 8. d5 Nd4
9. b4 c5 10. bxc5 dxc5 11. Qd2 b6 12. Rb1 1/2-1/2

[Event "XVI Weekend A"]
[Site "Campodarsego ITA"]
[Date "2005.01.22"]
[Round "2"]
[White "Bonafede, Alessandro"]
[Black "Gromovs, Sergejs"]
[Result "0-1"]
[WhiteElo "2089"]
[BlackElo "2335"]
[PlyCount "91"]
[EventDate "2005.01.21"]

1. e4 c5 2. Nf3 d6 3. d4 cxd4 4. Qxd4 Nc6 5. Bb5 Bd7 6. Bxc6 Bxc6 7. Nc3 Nf6 8.
Bg5 h6 9. Bh4 g5 10. Bg3 Bg7 11. Qd3 Qa5 12. O-O-O Nd7 13. Nd4 Nc5 14. Qd2 Rc8
15. Rhe1 O-O 16. Kb1 Qb6 17. e5 dxe5 18. Bxe5 f6 19. Bg3 e5 20. Nf5 Rf7 21. Qe3
Bf8 22. Nd6 Bxd6 23. Rxd6 Nd7 24. Qxb6 Nxb6 25. f3 Nc4 26. Rd3 b5 27. Ne4 Kg7
28. Nd6 Nxd6 29. Rxd6 b4 30. Re3 Rfc7 31. Be1 a5 32. c3 Be8 33. Kc1 a4 34. Rb6
b3 35. axb3 axb3 36. Rxb3 Rd8 37. Bd2 Rcd7 38. Re2 Bg6 39. Ra3 f5 40. b4 e4 41.
fxe4 fxe4 42. Ra2 Bf7 43. Rb2 Ra8 44. Be3 Bc4 45. Bd4+ Kh7 46. Rxe4 0-1

[Event "XVI Weekend A"]
[Site "Campodarsego ITA"]
[Date "2005.01.22"]
[Round "2"]
[White "Cacco, Christian"]
[Black "Dvirnyy, Danyyil"]
[Result "1-0"]
[WhiteElo "2282"]
[BlackElo "2098"]
[PlyCount "91"]
[EventDate "2005.01.21"]

1. d4 Nf6 2. Nf3 g6 3. c4 Bg7 4. Nc3 O-O 5. e4 d6 6. Be2 e5 7. O-O Nc6 8. d5
Ne7 9. Ne1 Nd7 10. Nd3 f5 11. f3 Nf6 12. c5 f4 13. b4 g5 14. a4 h5 15. Nf2 Rf7
16. Ba3 Bf8 17. Rc1 Ng6 18. Rc2 Rg7 19. a5 Nh8 20. a6 b6 21. h3 Nf7 22. cxd6
Bxd6 23. Nb5 Nh6 24. Nxd6 cxd6 25. Qd3 g4 26. fxg4 hxg4 27. hxg4 Nhxg4 28. Bxg4
Bxg4 29. b5 Bf3 30. Qxf3 Rg3 31. Qe2 Rxa3 32. Ng4 Rg3 33. Nh6+ Kh7 34. Nf5 Rg6
35. Rf3 Ng4 36. Rh3+ Kg8 37. Rc6 Qg5 38. Rc7 Re8 39. Rch7 f3 40. Rh8+ Kf7 41.
R3h7+ Kf6 42. Qxf3 Rxh8 43. Nxd6+ Qf4 44. Rf7+ Kg5 45. Rxf4 exf4 46. Nf7+ 1-0

[Event "XVI Weekend A"]
[Site "Campodarsego ITA"]
[Date "2005.01.22"]
[Round "2"]
[White "Caruso, Augusto"]
[Black "Boanta, Sandu"]
[Result "1-0"]
[WhiteElo "2214"]
[BlackElo "1826"]
[PlyCount "97"]
[EventDate "2005.01.21"]

1. Nc3 c6 2. e4 d5 3. d4 dxe4 4. Nxe4 e5 5. Nf3 Bf5 6. Qe2 Nd7 7. dxe5 Bxe4 8.
Qxe4 Qe7 9. Bd3 Nh6 10. O-O Nc5 11. Qe2 O-O-O 12. Bg5 f6 13. exf6 Qxe2 14. Bxe2
g6 15. f7 Rd6 16. Bf4 Re6 17. Be5 Nxf7 18. Bxh8 Rxe2 19. Bc3 Na4 20. Bd4 c5 21.
Rfe1 Rxe1+ 22. Rxe1 Bd6 23. Bf6 Nb6 24. Ng5 Nxg5 25. Bxg5 Kd7 26. b3 Nd5 27. c4
Nc3 28. a3 b5 29. Bf6 b4 30. Bxc3 bxc3 31. Re3 a5 32. Rxc3 Be5 33. Rd3+ Ke6 34.
Rd5 Bd6 35. g3 h6 36. f4 Be7 37. Kg2 Kf6 38. Kf3 Ke6 39. Ke4 Kf6 40. Rd7 Bf8
41. Ra7 Ke6 42. Rxa5 g5 43. Ra6+ Bd6 44. f5+ Ke7 45. f6+ Kf7 46. Rxd6 Kg6 47.
g4 h5 48. h3 hxg4 49. hxg4 1-0

[Event "XVI Weekend A"]
[Site "Campodarsego ITA"]
[Date "2005.01.22"]
[Round "2"]
[White "Dal Zovo, Claudio"]
[Black "Gennari, Leone"]
[Result "1/2-1/2"]
[WhiteElo "1961"]
[BlackElo "2053"]
[PlyCount "99"]
[EventDate "2005.01.21"]

1. d4 Nf6 2. Nf3 g6 3. Nc3 Bg7 4. e4 d6 5. Bc4 O-O 6. Qe2 c6 7. e5 dxe5 8. dxe5
Nd5 9. Bd2 Bg4 10. O-O-O e6 11. h3 Bxf3 12. gxf3 b5 13. Bxd5 exd5 14. h4 h5 15.
f4 Nd7 16. e6 Re8 17. exf7+ Kxf7 18. Qf3 Qf6 19. Rde1 Rxe1+ 20. Rxe1 Re8 21.
Rxe8 Kxe8 22. Qe3+ Kf7 23. Qxa7 Qd6 24. f3 Bf6 25. Qf2 Qe7 26. Be1 Nc5 27. Nd1
Ne6 28. f5 gxf5 29. Ne3 Ng7 30. Ng2 Qe5 31. c3 Ne6 32. Qe3 Qh2 33. Qf2 Be7 34.
Qg3 Qh1 35. Kc2 Qf1 36. Qf2 Qc4 37. b3 Qc5 38. Qxc5 Bxc5 39. Kd3 Kf6 40. Bg3
Bg1 41. b4 Bb6 42. Kc2 Bd8 43. Nf4 Nxf4 44. Bxf4 Ke6 45. Bg3 Bf6 46. Kd3 Be5
47. f4 Bf6 48. Bf2 Kd6 49. Bc5+ Ke6 50. Bf2 1/2-1/2

[Event "XVI Weekend A"]
[Site "Campodarsego ITA"]
[Date "2005.01.22"]
[Round "2"]
[White "Galiazzo, Giuliano"]
[Black "Padovan, Remo"]
[Result "1/2-1/2"]
[WhiteElo "2032"]
[BlackElo "1853"]
[PlyCount "49"]
[EventDate "2005.01.21"]

1. d4 f5 2. Bg5 d5 3. e3 c6 4. Bd3 Qa5+ 5. c3 e6 6. Nf3 Nd7 7. Nbd2 Bd6 8. Bf4
Qc7 9. Bxd6 Qxd6 10. Ng5 Ngf6 11. f4 O-O 12. O-O h6 13. Ngf3 b6 14. Ne5 c5 15.
Ndf3 Bb7 16. Qe2 a6 17. Nxd7 Nxd7 18. Ne5 Nxe5 19. fxe5 Qe7 20. Qh5 Qg5 21.
Qxg5 hxg5 22. Rf3 g4 23. Rff1 Rf7 24. g3 g5 25. Rf2 1/2-1/2

[Event "XVI Weekend A"]
[Site "Campodarsego ITA"]
[Date "2005.01.22"]
[Round "2"]
[White "Paris, Giorgio"]
[Black "Zarpellon, Daniel"]
[Result "1-0"]
[WhiteElo "1849"]
[BlackElo "2108"]
[PlyCount "123"]
[EventDate "2005.01.21"]

1. e4 d6 2. d4 e5 3. Nf3 exd4 4. Nxd4 Nf6 5. Nc3 Be7 6. Bc4 O-O 7. O-O Nc6 8.
Nxc6 bxc6 9. Bf4 Be6 10. Qe2 Nd7 11. Rfe1 a5 12. Bg3 Nb6 13. Bd3 Bh4 14. Rad1
Bxg3 15. hxg3 Qg5 16. Qe3 Qxe3 17. Rxe3 Rfd8 18. Be2 Rac8 19. b3 d5 20. Red3
Rd7 21. f4 f6 22. Bf3 Rcd8 23. Ne2 Re8 24. Nd4 dxe4 25. Bxe4 Bd5 26. Bf3 Bxf3
27. gxf3 c5 28. Nc6 Rxd3 29. Rxd3 Re1+ 30. Kf2 Ra1 31. a4 c4 32. Rd8+ Kf7 33.
Nxa5 cxb3 34. cxb3 Ra3 35. Ke2 Ra2+ 36. Kd3 Rg2 37. g4 Rf2 38. Ke3 Rb2 39. Rd3
Ke6 40. Kd4 f5 41. Re3+ Kf6 42. g5+ Kf7 43. Rc3 Rd2+ 44. Kc5 Nd5 45. Rc4 Ne3
46. Rc1 h5 47. gxh6 gxh6 48. Nc4 Nxc4 49. Kxc4 h5 50. Rh1 Kg6 51. a5 Rd8 52. b4
Rd2 53. a6 Rc2+ 54. Kb5 Ra2 55. Rc1 h4 56. Rc6+ Kg7 57. Rxc7+ Kg6 58. Rc1 h3
59. Rh1 h2 60. Kb6 Rb2 61. b5 Kh5 62. a7 1-0